| 000 | 00807cam a22002535a 4500 | ||
|---|---|---|---|
| 001 | ocm54967821 | ||
| 003 | OSt | ||
| 005 | 20180429134646.0 | ||
| 008 | 040416t2004 caua fr 001 0 eng d | ||
| 020 | _a159059231X | ||
| 020 | _a9781590592311 | ||
| 040 |
_aVYF _cVYF _dOCLCQ _dEG-ScBUE _beng |
||
| 082 | 0 | 4 |
_222 _a006.9 _bCAS |
| 245 | 0 | 0 |
_aCascading style sheets : _bseparating content from presentation / _cOwen Briggs ... [et al.] |
| 250 | _a2nd ed. | ||
| 260 |
_aBerkeley : _bFriendsofED / Apress ; _aNew York : _bDistributed to the Book trade in US by Springer-Verlag, _cc.2004. |
||
| 300 |
_axx, 409 p. : _bill. ; _c23 cm. |
||
| 500 | _aIncludes index. | ||
| 650 | 7 |
_aCascading style sheets. _2BUEsh _929999 |
|
| 651 | _2BUEsh | ||
| 653 |
_bGGEN _cApril2018 |
||
| 700 | 1 | _aBriggs, Owen. | |
| 942 | _2ddc | ||
| 999 |
_c26614 _d26586 |
||